<?xml version="1.0" encoding="UTF-8"?>
<record
    xmlns:xsi="http://www.w3.org/2001/XMLSchema-instance"
    xsi:schemaLocation="http://www.loc.gov/MARC21/slim http://www.loc.gov/standards/marcxml/schema/MARC21slim.xsd"
    xmlns="http://www.loc.gov/MARC21/slim">

  <leader>00839nas a2200241 i 4500</leader>
  <controlfield tag="003">DO-SdBNP</controlfield>
  <controlfield tag="005">20260317143727.0</controlfield>
  <controlfield tag="007">ta</controlfield>
  <controlfield tag="008">260317e1972    dr un|p|r||||||0| | spa d</controlfield>
  <datafield tag="040" ind1=" " ind2=" ">
    <subfield code="a">DO-SdBNP</subfield>
    <subfield code="b">spa</subfield>
    <subfield code="c">BNPHU</subfield>
    <subfield code="e">rda</subfield>
  </datafield>
  <datafield tag="041" ind1=" " ind2=" ">
    <subfield code="a">spa</subfield>
  </datafield>
  <datafield tag="245" ind1=" " ind2=" ">
    <subfield code="a">Momento :  </subfield>
    <subfield code="b">revista dominicana de inter&#xE9;s general.</subfield>
  </datafield>
  <datafield tag="264" ind1=" " ind2=" ">
    <subfield code="a">Santo Domingo, Rep&#xFA;blica Dominicana </subfield>
    <subfield code="b">Editora de Horizontes de Am&#xE9;rica, </subfield>
    <subfield code="c">1972.</subfield>
  </datafield>
  <datafield tag="300" ind1=" " ind2=" ">
    <subfield code="a">volumen : </subfield>
    <subfield code="b">ilustraciones, fotograf&#xED;as ; </subfield>
    <subfield code="c">32 cm.</subfield>
  </datafield>
  <datafield tag="310" ind1=" " ind2=" ">
    <subfield code="a">Desconocida.</subfield>
  </datafield>
  <datafield tag="336" ind1=" " ind2=" ">
    <subfield code="a">texto</subfield>
    <subfield code="b">txt</subfield>
    <subfield code="2">rdacontent</subfield>
  </datafield>
  <datafield tag="337" ind1=" " ind2=" ">
    <subfield code="a">sin mediaci&#xF3;n </subfield>
    <subfield code="b">n</subfield>
    <subfield code="2">rdamedia</subfield>
  </datafield>
  <datafield tag="338" ind1=" " ind2=" ">
    <subfield code="a">volumen</subfield>
    <subfield code="b">nc</subfield>
    <subfield code="2">rdacarrier</subfield>
  </datafield>
  <datafield tag="362" ind1=" " ind2=" ">
    <subfield code="a">N&#xFA;mero 1. 1972.</subfield>
  </datafield>
  <datafield tag="500" ind1=" " ind2=" ">
    <subfield code="a">Catalogaci&#xF3;n basada en el: N&#xFA;mero 1. 1972.</subfield>
  </datafield>
  <datafield tag="650" ind1=" " ind2="0">
    <subfield code="a">Art&#xED;culos de prensa </subfield>
    <subfield code="9">77339</subfield>
    <subfield code="v">Publicaciones peri&#xF3;dicas </subfield>
    <subfield code="z">Rep&#xFA;blica Dominicana</subfield>
  </datafield>
  <datafield tag="942" ind1=" " ind2=" ">
    <subfield code="2">ddc</subfield>
    <subfield code="c">ISSUE</subfield>
  </datafield>
  <datafield tag="952" ind1=" " ind2=" ">
    <subfield code="0">0</subfield>
    <subfield code="1">0</subfield>
    <subfield code="2">ddc</subfield>
    <subfield code="4">0</subfield>
    <subfield code="5">6</subfield>
    <subfield code="7">0</subfield>
    <subfield code="8">SE</subfield>
    <subfield code="a">BNPHU</subfield>
    <subfield code="b">BNPHU</subfield>
    <subfield code="d">2026-03-17</subfield>
    <subfield code="h">N&#xFA;mero 1. 1972</subfield>
    <subfield code="l">0</subfield>
    <subfield code="p">2026-2301</subfield>
    <subfield code="r">2026-03-17</subfield>
    <subfield code="t">e.1</subfield>
    <subfield code="w">2026-03-17</subfield>
    <subfield code="y">ISSUE</subfield>
  </datafield>
  <datafield tag="952" ind1=" " ind2=" ">
    <subfield code="0">0</subfield>
    <subfield code="1">0</subfield>
    <subfield code="2">ddc</subfield>
    <subfield code="4">0</subfield>
    <subfield code="5">6</subfield>
    <subfield code="7">0</subfield>
    <subfield code="8">SE</subfield>
    <subfield code="a">BNPHU</subfield>
    <subfield code="b">BNPHU</subfield>
    <subfield code="d">2026-03-17</subfield>
    <subfield code="h">N&#xFA;mero 1. 1972</subfield>
    <subfield code="l">0</subfield>
    <subfield code="p">2026-2302</subfield>
    <subfield code="r">2026-03-17</subfield>
    <subfield code="t">e.2</subfield>
    <subfield code="w">2026-03-17</subfield>
    <subfield code="y">ISSUE</subfield>
  </datafield>
  <datafield tag="952" ind1=" " ind2=" ">
    <subfield code="0">0</subfield>
    <subfield code="1">0</subfield>
    <subfield code="2">ddc</subfield>
    <subfield code="4">0</subfield>
    <subfield code="5">6</subfield>
    <subfield code="7">0</subfield>
    <subfield code="8">SE</subfield>
    <subfield code="a">BNPHU</subfield>
    <subfield code="b">BNPHU</subfield>
    <subfield code="d">2026-03-17</subfield>
    <subfield code="h">N&#xFA;mero 2. 1972</subfield>
    <subfield code="l">0</subfield>
    <subfield code="p">2026-2303</subfield>
    <subfield code="r">2026-03-17</subfield>
    <subfield code="t">e.1</subfield>
    <subfield code="w">2026-03-17</subfield>
    <subfield code="y">ISSUE</subfield>
  </datafield>
  <datafield tag="952" ind1=" " ind2=" ">
    <subfield code="0">0</subfield>
    <subfield code="1">0</subfield>
    <subfield code="2">ddc</subfield>
    <subfield code="4">0</subfield>
    <subfield code="5">6</subfield>
    <subfield code="7">0</subfield>
    <subfield code="8">SE</subfield>
    <subfield code="a">BNPHU</subfield>
    <subfield code="b">BNPHU</subfield>
    <subfield code="d">2026-03-17</subfield>
    <subfield code="h">N&#xFA;mero 2. 1972</subfield>
    <subfield code="l">0</subfield>
    <subfield code="p">2026-2304</subfield>
    <subfield code="r">2026-03-17</subfield>
    <subfield code="t">e.2</subfield>
    <subfield code="w">2026-03-17</subfield>
    <subfield code="y">ISSUE</subfield>
  </datafield>
  <datafield tag="952" ind1=" " ind2=" ">
    <subfield code="0">0</subfield>
    <subfield code="1">0</subfield>
    <subfield code="2">ddc</subfield>
    <subfield code="4">0</subfield>
    <subfield code="5">6</subfield>
    <subfield code="7">0</subfield>
    <subfield code="8">SE</subfield>
    <subfield code="a">BNPHU</subfield>
    <subfield code="b">BNPHU</subfield>
    <subfield code="d">2026-03-17</subfield>
    <subfield code="h">N&#xFA;mero 3. 1972</subfield>
    <subfield code="l">0</subfield>
    <subfield code="p">2026-2307</subfield>
    <subfield code="r">2026-03-17</subfield>
    <subfield code="t">e.1</subfield>
    <subfield code="w">2026-03-17</subfield>
    <subfield code="y">ISSUE</subfield>
  </datafield>
  <datafield tag="952" ind1=" " ind2=" ">
    <subfield code="0">0</subfield>
    <subfield code="1">0</subfield>
    <subfield code="2">ddc</subfield>
    <subfield code="4">0</subfield>
    <subfield code="5">6</subfield>
    <subfield code="7">0</subfield>
    <subfield code="8">SE</subfield>
    <subfield code="a">BNPHU</subfield>
    <subfield code="b">BNPHU</subfield>
    <subfield code="d">2026-03-17</subfield>
    <subfield code="h">N&#xFA;mero 3. 1972</subfield>
    <subfield code="l">0</subfield>
    <subfield code="p">2026-2308</subfield>
    <subfield code="r">2026-03-17</subfield>
    <subfield code="t">e.2</subfield>
    <subfield code="w">2026-03-17</subfield>
    <subfield code="y">ISSUE</subfield>
  </datafield>
  <datafield tag="952" ind1=" " ind2=" ">
    <subfield code="0">0</subfield>
    <subfield code="1">0</subfield>
    <subfield code="2">ddc</subfield>
    <subfield code="4">0</subfield>
    <subfield code="5">6</subfield>
    <subfield code="7">0</subfield>
    <subfield code="8">SE</subfield>
    <subfield code="a">BNPHU</subfield>
    <subfield code="b">BNPHU</subfield>
    <subfield code="d">2026-03-17</subfield>
    <subfield code="h">N&#xFA;mero 4. 1972</subfield>
    <subfield code="l">0</subfield>
    <subfield code="p">2026-2309</subfield>
    <subfield code="r">2026-03-17</subfield>
    <subfield code="t">e.1</subfield>
    <subfield code="w">2026-03-17</subfield>
    <subfield code="y">ISSUE</subfield>
  </datafield>
  <datafield tag="952" ind1=" " ind2=" ">
    <subfield code="0">0</subfield>
    <subfield code="1">0</subfield>
    <subfield code="2">ddc</subfield>
    <subfield code="4">0</subfield>
    <subfield code="5">6</subfield>
    <subfield code="7">0</subfield>
    <subfield code="8">SE</subfield>
    <subfield code="a">BNPHU</subfield>
    <subfield code="b">BNPHU</subfield>
    <subfield code="d">2026-03-17</subfield>
    <subfield code="h">N&#xFA;mero 4. 1972</subfield>
    <subfield code="l">0</subfield>
    <subfield code="p">2026-2310</subfield>
    <subfield code="r">2026-03-17</subfield>
    <subfield code="t">e.2</subfield>
    <subfield code="w">2026-03-17</subfield>
    <subfield code="y">ISSUE</subfield>
  </datafield>
  <datafield tag="952" ind1=" " ind2=" ">
    <subfield code="0">0</subfield>
    <subfield code="1">0</subfield>
    <subfield code="2">ddc</subfield>
    <subfield code="4">0</subfield>
    <subfield code="5">6</subfield>
    <subfield code="7">0</subfield>
    <subfield code="8">SE</subfield>
    <subfield code="a">BNPHU</subfield>
    <subfield code="b">BNPHU</subfield>
    <subfield code="d">2026-03-17</subfield>
    <subfield code="h">N&#xFA;mero 5. 1972</subfield>
    <subfield code="l">0</subfield>
    <subfield code="p">2026-2311</subfield>
    <subfield code="r">2026-03-17</subfield>
    <subfield code="t">e.1</subfield>
    <subfield code="w">2026-03-17</subfield>
    <subfield code="y">ISSUE</subfield>
  </datafield>
  <datafield tag="952" ind1=" " ind2=" ">
    <subfield code="0">0</subfield>
    <subfield code="1">0</subfield>
    <subfield code="2">ddc</subfield>
    <subfield code="4">0</subfield>
    <subfield code="5">6</subfield>
    <subfield code="7">0</subfield>
    <subfield code="8">SE</subfield>
    <subfield code="a">BNPHU</subfield>
    <subfield code="b">BNPHU</subfield>
    <subfield code="d">2026-03-17</subfield>
    <subfield code="h">N&#xFA;mero 5. 1972</subfield>
    <subfield code="l">0</subfield>
    <subfield code="p">2026-2312</subfield>
    <subfield code="r">2026-03-17</subfield>
    <subfield code="t">e.2</subfield>
    <subfield code="w">2026-03-17</subfield>
    <subfield code="y">ISSUE</subfield>
  </datafield>
  <datafield tag="952" ind1=" " ind2=" ">
    <subfield code="0">0</subfield>
    <subfield code="1">0</subfield>
    <subfield code="2">ddc</subfield>
    <subfield code="4">0</subfield>
    <subfield code="5">6</subfield>
    <subfield code="7">0</subfield>
    <subfield code="8">SE</subfield>
    <subfield code="a">BNPHU</subfield>
    <subfield code="b">BNPHU</subfield>
    <subfield code="d">2026-03-17</subfield>
    <subfield code="h">A&#xF1;o 2. N&#xFA;mero 1. 1973</subfield>
    <subfield code="l">0</subfield>
    <subfield code="p">2026-2313</subfield>
    <subfield code="r">2026-03-17</subfield>
    <subfield code="t">e.1</subfield>
    <subfield code="w">2026-03-17</subfield>
    <subfield code="y">ISSUE</subfield>
  </datafield>
  <datafield tag="952" ind1=" " ind2=" ">
    <subfield code="0">0</subfield>
    <subfield code="1">0</subfield>
    <subfield code="2">ddc</subfield>
    <subfield code="4">0</subfield>
    <subfield code="5">6</subfield>
    <subfield code="7">0</subfield>
    <subfield code="8">SE</subfield>
    <subfield code="a">BNPHU</subfield>
    <subfield code="b">BNPHU</subfield>
    <subfield code="d">2026-03-17</subfield>
    <subfield code="h">A&#xF1;o 2. N&#xFA;mero 1. 1973</subfield>
    <subfield code="l">0</subfield>
    <subfield code="p">2026-2314</subfield>
    <subfield code="r">2026-03-17</subfield>
    <subfield code="t">e.2</subfield>
    <subfield code="w">2026-03-17</subfield>
    <subfield code="y">ISSUE</subfield>
  </datafield>
  <datafield tag="952" ind1=" " ind2=" ">
    <subfield code="0">0</subfield>
    <subfield code="1">0</subfield>
    <subfield code="2">ddc</subfield>
    <subfield code="4">0</subfield>
    <subfield code="5">6</subfield>
    <subfield code="7">0</subfield>
    <subfield code="8">SE</subfield>
    <subfield code="a">BNPHU</subfield>
    <subfield code="b">BNPHU</subfield>
    <subfield code="d">2026-03-17</subfield>
    <subfield code="h">A&#xF1;o 2. N&#xFA;mero 2. diciembre 1973-enero 1974</subfield>
    <subfield code="l">0</subfield>
    <subfield code="p">2026-2315</subfield>
    <subfield code="r">2026-03-17</subfield>
    <subfield code="t">e.1</subfield>
    <subfield code="w">2026-03-17</subfield>
    <subfield code="y">ISSUE</subfield>
  </datafield>
  <datafield tag="952" ind1=" " ind2=" ">
    <subfield code="0">0</subfield>
    <subfield code="1">0</subfield>
    <subfield code="2">ddc</subfield>
    <subfield code="4">0</subfield>
    <subfield code="5">6</subfield>
    <subfield code="7">0</subfield>
    <subfield code="8">SE</subfield>
    <subfield code="a">BNPHU</subfield>
    <subfield code="b">BNPHU</subfield>
    <subfield code="d">2026-03-17</subfield>
    <subfield code="h">A&#xF1;o 2. N&#xFA;mero 2. diciembre 1973-enero 1974</subfield>
    <subfield code="l">0</subfield>
    <subfield code="p">2026-2316</subfield>
    <subfield code="r">2026-03-17</subfield>
    <subfield code="t">e.2</subfield>
    <subfield code="w">2026-03-17</subfield>
    <subfield code="y">ISSUE</subfield>
  </datafield>
  <datafield tag="952" ind1=" " ind2=" ">
    <subfield code="0">0</subfield>
    <subfield code="1">0</subfield>
    <subfield code="2">ddc</subfield>
    <subfield code="4">0</subfield>
    <subfield code="5">6</subfield>
    <subfield code="7">0</subfield>
    <subfield code="8">SE</subfield>
    <subfield code="a">BNPHU</subfield>
    <subfield code="b">BNPHU</subfield>
    <subfield code="d">2026-03-17</subfield>
    <subfield code="h">A&#xF1;o 2. N&#xFA;mero 3. febrero-marzo 1974</subfield>
    <subfield code="l">0</subfield>
    <subfield code="p">2026-2317</subfield>
    <subfield code="r">2026-03-17</subfield>
    <subfield code="t">e.1</subfield>
    <subfield code="w">2026-03-17</subfield>
    <subfield code="y">ISSUE</subfield>
  </datafield>
  <datafield tag="952" ind1=" " ind2=" ">
    <subfield code="0">0</subfield>
    <subfield code="1">0</subfield>
    <subfield code="2">ddc</subfield>
    <subfield code="4">0</subfield>
    <subfield code="5">6</subfield>
    <subfield code="7">0</subfield>
    <subfield code="8">SE</subfield>
    <subfield code="a">BNPHU</subfield>
    <subfield code="b">BNPHU</subfield>
    <subfield code="d">2026-03-17</subfield>
    <subfield code="h">A&#xF1;o 2. N&#xFA;mero 3. febrero-marzo 1974</subfield>
    <subfield code="l">0</subfield>
    <subfield code="p">2026-2318</subfield>
    <subfield code="r">2026-03-17</subfield>
    <subfield code="t">e.2</subfield>
    <subfield code="w">2026-03-17</subfield>
    <subfield code="y">ISSUE</subfield>
  </datafield>
  <datafield tag="952" ind1=" " ind2=" ">
    <subfield code="0">0</subfield>
    <subfield code="1">0</subfield>
    <subfield code="2">ddc</subfield>
    <subfield code="4">0</subfield>
    <subfield code="5">6</subfield>
    <subfield code="7">0</subfield>
    <subfield code="8">SE</subfield>
    <subfield code="a">BNPHU</subfield>
    <subfield code="b">BNPHU</subfield>
    <subfield code="d">2026-03-17</subfield>
    <subfield code="h">A&#xF1;o 2. N&#xFA;mero 4. abril-mayo 1974</subfield>
    <subfield code="l">0</subfield>
    <subfield code="p">2026-2319</subfield>
    <subfield code="r">2026-03-17</subfield>
    <subfield code="t">e.1</subfield>
    <subfield code="w">2026-03-17</subfield>
    <subfield code="y">ISSUE</subfield>
  </datafield>
  <datafield tag="952" ind1=" " ind2=" ">
    <subfield code="0">0</subfield>
    <subfield code="1">0</subfield>
    <subfield code="2">ddc</subfield>
    <subfield code="4">0</subfield>
    <subfield code="5">6</subfield>
    <subfield code="7">0</subfield>
    <subfield code="8">SE</subfield>
    <subfield code="a">BNPHU</subfield>
    <subfield code="b">BNPHU</subfield>
    <subfield code="d">2026-03-17</subfield>
    <subfield code="h">A&#xF1;o 2. N&#xFA;mero 4. abril-mayo 1974</subfield>
    <subfield code="l">0</subfield>
    <subfield code="p">2026-2320</subfield>
    <subfield code="r">2026-03-17</subfield>
    <subfield code="t">e.2</subfield>
    <subfield code="w">2026-03-17</subfield>
    <subfield code="y">ISSUE</subfield>
  </datafield>
  <datafield tag="952" ind1=" " ind2=" ">
    <subfield code="0">0</subfield>
    <subfield code="1">0</subfield>
    <subfield code="2">ddc</subfield>
    <subfield code="4">0</subfield>
    <subfield code="5">6</subfield>
    <subfield code="7">0</subfield>
    <subfield code="8">SE</subfield>
    <subfield code="a">BNPHU</subfield>
    <subfield code="b">BNPHU</subfield>
    <subfield code="d">2026-03-17</subfield>
    <subfield code="h">A&#xF1;o 2. N&#xFA;mero 5. junio-julio 1974</subfield>
    <subfield code="l">0</subfield>
    <subfield code="p">2026-2321</subfield>
    <subfield code="r">2026-03-17</subfield>
    <subfield code="t">e.1</subfield>
    <subfield code="w">2026-03-17</subfield>
    <subfield code="y">ISSUE</subfield>
  </datafield>
  <datafield tag="952" ind1=" " ind2=" ">
    <subfield code="0">0</subfield>
    <subfield code="1">0</subfield>
    <subfield code="2">ddc</subfield>
    <subfield code="4">0</subfield>
    <subfield code="5">6</subfield>
    <subfield code="7">0</subfield>
    <subfield code="8">SE</subfield>
    <subfield code="a">BNPHU</subfield>
    <subfield code="b">BNPHU</subfield>
    <subfield code="d">2026-03-17</subfield>
    <subfield code="h">A&#xF1;o 2. N&#xFA;mero 5. junio-julio 1974</subfield>
    <subfield code="l">0</subfield>
    <subfield code="p">2026-2322</subfield>
    <subfield code="r">2026-03-17</subfield>
    <subfield code="t">e.2</subfield>
    <subfield code="w">2026-03-17</subfield>
    <subfield code="y">ISSUE</subfield>
  </datafield>
  <datafield tag="952" ind1=" " ind2=" ">
    <subfield code="0">0</subfield>
    <subfield code="1">0</subfield>
    <subfield code="2">ddc</subfield>
    <subfield code="4">0</subfield>
    <subfield code="5">6</subfield>
    <subfield code="7">0</subfield>
    <subfield code="8">SE</subfield>
    <subfield code="a">BNPHU</subfield>
    <subfield code="b">BNPHU</subfield>
    <subfield code="d">2026-03-17</subfield>
    <subfield code="h">A&#xF1;o 2. N&#xFA;mero 6. agosto-septiembre 1974</subfield>
    <subfield code="l">0</subfield>
    <subfield code="p">2026-2323</subfield>
    <subfield code="r">2026-03-17</subfield>
    <subfield code="t">e.1</subfield>
    <subfield code="w">2026-03-17</subfield>
    <subfield code="y">ISSUE</subfield>
  </datafield>
  <datafield tag="952" ind1=" " ind2=" ">
    <subfield code="0">0</subfield>
    <subfield code="1">0</subfield>
    <subfield code="2">ddc</subfield>
    <subfield code="4">0</subfield>
    <subfield code="5">6</subfield>
    <subfield code="7">0</subfield>
    <subfield code="8">SE</subfield>
    <subfield code="a">BNPHU</subfield>
    <subfield code="b">BNPHU</subfield>
    <subfield code="d">2026-03-17</subfield>
    <subfield code="h">A&#xF1;o 2. N&#xFA;mero 6. agosto-septiembre 1974</subfield>
    <subfield code="l">0</subfield>
    <subfield code="p">2026-2324</subfield>
    <subfield code="r">2026-03-17</subfield>
    <subfield code="t">e.2</subfield>
    <subfield code="w">2026-03-17</subfield>
    <subfield code="y">ISSUE</subfield>
  </datafield>
  <datafield tag="952" ind1=" " ind2=" ">
    <subfield code="0">0</subfield>
    <subfield code="1">0</subfield>
    <subfield code="2">ddc</subfield>
    <subfield code="4">0</subfield>
    <subfield code="5">6</subfield>
    <subfield code="7">0</subfield>
    <subfield code="8">SE</subfield>
    <subfield code="a">BNPHU</subfield>
    <subfield code="b">BNPHU</subfield>
    <subfield code="d">2026-03-17</subfield>
    <subfield code="h">A&#xF1;o 2. N&#xFA;mero 7. octubre-noviembre 1974</subfield>
    <subfield code="l">0</subfield>
    <subfield code="p">2026-2325</subfield>
    <subfield code="r">2026-03-17</subfield>
    <subfield code="t">e.1</subfield>
    <subfield code="w">2026-03-17</subfield>
    <subfield code="y">ISSUE</subfield>
  </datafield>
  <datafield tag="952" ind1=" " ind2=" ">
    <subfield code="0">0</subfield>
    <subfield code="1">0</subfield>
    <subfield code="2">ddc</subfield>
    <subfield code="4">0</subfield>
    <subfield code="5">6</subfield>
    <subfield code="7">0</subfield>
    <subfield code="8">SE</subfield>
    <subfield code="a">BNPHU</subfield>
    <subfield code="b">BNPHU</subfield>
    <subfield code="d">2026-03-17</subfield>
    <subfield code="h">A&#xF1;o 2. N&#xFA;mero 7. octubre-noviembre 1974</subfield>
    <subfield code="l">0</subfield>
    <subfield code="p">2026-2326</subfield>
    <subfield code="r">2026-03-17</subfield>
    <subfield code="t">e.2</subfield>
    <subfield code="w">2026-03-17</subfield>
    <subfield code="y">ISSUE</subfield>
  </datafield>
  <datafield tag="952" ind1=" " ind2=" ">
    <subfield code="0">0</subfield>
    <subfield code="1">0</subfield>
    <subfield code="2">ddc</subfield>
    <subfield code="4">0</subfield>
    <subfield code="5">6</subfield>
    <subfield code="7">0</subfield>
    <subfield code="8">SE</subfield>
    <subfield code="a">BNPHU</subfield>
    <subfield code="b">BNPHU</subfield>
    <subfield code="d">2026-03-17</subfield>
    <subfield code="h">A&#xF1;o 2. N&#xFA;mero 8. diciembre 1974</subfield>
    <subfield code="l">0</subfield>
    <subfield code="p">2026-2327</subfield>
    <subfield code="r">2026-03-17</subfield>
    <subfield code="t">e.1</subfield>
    <subfield code="w">2026-03-17</subfield>
    <subfield code="y">ISSUE</subfield>
  </datafield>
  <datafield tag="952" ind1=" " ind2=" ">
    <subfield code="0">0</subfield>
    <subfield code="1">0</subfield>
    <subfield code="2">ddc</subfield>
    <subfield code="4">0</subfield>
    <subfield code="5">6</subfield>
    <subfield code="7">0</subfield>
    <subfield code="8">SE</subfield>
    <subfield code="a">BNPHU</subfield>
    <subfield code="b">BNPHU</subfield>
    <subfield code="d">2026-03-17</subfield>
    <subfield code="h">A&#xF1;o 2. N&#xFA;mero 8. diciembre 1974</subfield>
    <subfield code="l">0</subfield>
    <subfield code="p">2026-2328</subfield>
    <subfield code="r">2026-03-17</subfield>
    <subfield code="t">e.2</subfield>
    <subfield code="w">2026-03-17</subfield>
    <subfield code="y">ISSUE</subfield>
  </datafield>
  <datafield tag="952" ind1=" " ind2=" ">
    <subfield code="0">0</subfield>
    <subfield code="1">0</subfield>
    <subfield code="2">ddc</subfield>
    <subfield code="4">0</subfield>
    <subfield code="5">6</subfield>
    <subfield code="7">0</subfield>
    <subfield code="8">SE</subfield>
    <subfield code="a">BNPHU</subfield>
    <subfield code="b">BNPHU</subfield>
    <subfield code="d">2026-03-17</subfield>
    <subfield code="h">A&#xF1;o 2. N&#xFA;mero 3. febrero-marzo 1974</subfield>
    <subfield code="l">0</subfield>
    <subfield code="p">2026-2329</subfield>
    <subfield code="r">2026-03-17</subfield>
    <subfield code="t">e.3</subfield>
    <subfield code="w">2026-03-17</subfield>
    <subfield code="y">ISSUE</subfield>
  </datafield>
  <datafield tag="952" ind1=" " ind2=" ">
    <subfield code="0">0</subfield>
    <subfield code="1">0</subfield>
    <subfield code="2">ddc</subfield>
    <subfield code="4">0</subfield>
    <subfield code="5">6</subfield>
    <subfield code="7">0</subfield>
    <subfield code="8">SE</subfield>
    <subfield code="a">BNPHU</subfield>
    <subfield code="b">BNPHU</subfield>
    <subfield code="d">2026-03-17</subfield>
    <subfield code="h">A&#xF1;o 3. N&#xFA;mero 2. febrero 1975</subfield>
    <subfield code="l">0</subfield>
    <subfield code="p">2026-2331</subfield>
    <subfield code="r">2026-03-17</subfield>
    <subfield code="t">e.1</subfield>
    <subfield code="w">2026-03-17</subfield>
    <subfield code="y">ISSUE</subfield>
  </datafield>
  <datafield tag="952" ind1=" " ind2=" ">
    <subfield code="0">0</subfield>
    <subfield code="1">0</subfield>
    <subfield code="2">ddc</subfield>
    <subfield code="4">0</subfield>
    <subfield code="5">6</subfield>
    <subfield code="7">0</subfield>
    <subfield code="8">SE</subfield>
    <subfield code="a">BNPHU</subfield>
    <subfield code="b">BNPHU</subfield>
    <subfield code="d">2026-03-17</subfield>
    <subfield code="h">A&#xF1;o 3. N&#xFA;mero 3. marzo 1975</subfield>
    <subfield code="l">0</subfield>
    <subfield code="p">2026-2332</subfield>
    <subfield code="r">2026-03-17</subfield>
    <subfield code="t">e.1</subfield>
    <subfield code="w">2026-03-17</subfield>
    <subfield code="y">ISSUE</subfield>
  </datafield>
  <datafield tag="952" ind1=" " ind2=" ">
    <subfield code="0">0</subfield>
    <subfield code="1">0</subfield>
    <subfield code="2">ddc</subfield>
    <subfield code="4">0</subfield>
    <subfield code="5">6</subfield>
    <subfield code="7">0</subfield>
    <subfield code="8">SE</subfield>
    <subfield code="a">BNPHU</subfield>
    <subfield code="b">BNPHU</subfield>
    <subfield code="d">2026-03-17</subfield>
    <subfield code="h">A&#xF1;o 3. N&#xFA;mero 1. enero 1975</subfield>
    <subfield code="l">0</subfield>
    <subfield code="p">2026-2334</subfield>
    <subfield code="r">2026-03-17</subfield>
    <subfield code="t">e.1</subfield>
    <subfield code="w">2026-03-17</subfield>
    <subfield code="y">ISSUE</subfield>
  </datafield>
  <datafield tag="952" ind1=" " ind2=" ">
    <subfield code="0">0</subfield>
    <subfield code="1">0</subfield>
    <subfield code="2">ddc</subfield>
    <subfield code="4">0</subfield>
    <subfield code="5">6</subfield>
    <subfield code="7">0</subfield>
    <subfield code="8">SE</subfield>
    <subfield code="a">BNPHU</subfield>
    <subfield code="b">BNPHU</subfield>
    <subfield code="d">2026-03-17</subfield>
    <subfield code="h">A&#xF1;o 3. N&#xFA;mero 1. enero 1975</subfield>
    <subfield code="l">0</subfield>
    <subfield code="p">2026-2335</subfield>
    <subfield code="r">2026-03-17</subfield>
    <subfield code="t">e.1</subfield>
    <subfield code="w">2026-03-17</subfield>
    <subfield code="y">ISSUE</subfield>
  </datafield>
  <datafield tag="952" ind1=" " ind2=" ">
    <subfield code="0">0</subfield>
    <subfield code="1">0</subfield>
    <subfield code="2">ddc</subfield>
    <subfield code="4">0</subfield>
    <subfield code="5">6</subfield>
    <subfield code="7">0</subfield>
    <subfield code="8">SE</subfield>
    <subfield code="a">BNPHU</subfield>
    <subfield code="b">BNPHU</subfield>
    <subfield code="d">2026-03-17</subfield>
    <subfield code="h">A&#xF1;o 3. N&#xFA;mero 23. septiembre 1975</subfield>
    <subfield code="l">0</subfield>
    <subfield code="p">2026-2336</subfield>
    <subfield code="r">2026-03-17</subfield>
    <subfield code="t">e.1</subfield>
    <subfield code="w">2026-03-17</subfield>
    <subfield code="y">ISSUE</subfield>
  </datafield>
  <datafield tag="952" ind1=" " ind2=" ">
    <subfield code="0">0</subfield>
    <subfield code="1">0</subfield>
    <subfield code="2">ddc</subfield>
    <subfield code="4">0</subfield>
    <subfield code="5">6</subfield>
    <subfield code="7">0</subfield>
    <subfield code="8">SE</subfield>
    <subfield code="a">BNPHU</subfield>
    <subfield code="b">BNPHU</subfield>
    <subfield code="d">2026-03-17</subfield>
    <subfield code="h">A&#xF1;o 4. N&#xFA;mero 4. mayo 1976</subfield>
    <subfield code="l">0</subfield>
    <subfield code="p">2026-2337</subfield>
    <subfield code="r">2026-03-17</subfield>
    <subfield code="t">e.1</subfield>
    <subfield code="w">2026-03-17</subfield>
    <subfield code="y">ISSUE</subfield>
  </datafield>
  <datafield tag="952" ind1=" " ind2=" ">
    <subfield code="0">0</subfield>
    <subfield code="1">0</subfield>
    <subfield code="2">ddc</subfield>
    <subfield code="4">0</subfield>
    <subfield code="5">6</subfield>
    <subfield code="7">0</subfield>
    <subfield code="8">SE</subfield>
    <subfield code="a">BNPHU</subfield>
    <subfield code="b">BNPHU</subfield>
    <subfield code="d">2026-03-17</subfield>
    <subfield code="h">A&#xF1;o 4. N&#xFA;mero 4. mayo 1976</subfield>
    <subfield code="l">0</subfield>
    <subfield code="p">2026-2338</subfield>
    <subfield code="r">2026-03-17</subfield>
    <subfield code="t">e.2</subfield>
    <subfield code="w">2026-03-17</subfield>
    <subfield code="y">ISSUE</subfield>
  </datafield>
  <datafield tag="999" ind1=" " ind2=" ">
    <subfield code="c">60509</subfield>
    <subfield code="d">60509</subfield>
  </datafield>
</record>
